Culture Générale - Série 850 - Statistiques

Statistiques générales
  • Ce quiz a été pris 146 fois
  • Le résultat moyen est 6 sur 10
Statistiques - réponses
Question Réponse % Correct
Quel nom porte la tente traditionnelle des nomades Mongols ? yourte
95%
Quelle boisson buvez-vous si l'on vous offre un "stout" ou une "ale" ? bière
88%
Pratique agricole consistant à maintenir inutilisée pendant une certaine période une surface agricole pour lui permettre de reconstituer ses réserves en eau, sa capacité de production, etc. jachère
79%
Cet engin volant sans pilote porte un nom anglais signifiant "faux bourdon". drone
73%
Quel mot dont l'anagramme est "moreau"désigne à la fois un arbre ou un mollusque marin à coquille ? ormeau
59%
Mammifère ruminant, de la famille des bovidés qui vit en troupeaux de plusieurs milliers d'individus en Afrique de l'est et du sud. gnou
58%
Enduit imitant le marbre composé de plâtre fin, de colle et de poussière de marbre stuc
56%
Mon nom désigne une fleur et un verre. Que suis-je ? tulipe
38%
Quel nom, donné par son inventeur, portait le fusil utilisé par "Les Poilus" en 14-18 ? lebel
26%
Dans quelle sous-préfecture de l'Oise une cathédrale a-t-elle été érigée ? Senlis
16%
Aucun quiz correspondant
Distribution des résultats
% des personnes avec chaque résultat
Percentile par nombre de réponses
Votre historique - résultats
Vous n’avez pas pris ce quiz